Sports Quiz

Random Sports Quiz

John Sterling Nicknames Quiz Stats

Quiz not verified by Sporcle

Challenge
Share
Tweet
Embed
Score 0/10 Timer 08:00
0 Plays Today
Homerun call % Correct
The Melkman Delivers
80.3%
An A-Bomb from A-Rod
62.7%
Bernie Goes Boom
10.8%
It's A Tex Message
9.6%
Shane Spencer the Home Run Dispenser
8%
Jorgy Juiced One
7.6%
Robby Cano Don't You Know
7.2%
Gardner Plants One
6.4%
It's a Thrilla- By Godzilla
6%
Hinske With His Best Shot
2%

You're not logged in!

Compare scores with friends on all Sporcle quizzes.
Sign Up with Email
OR
Log In

You Might Also Like...

Show Comments

Extras

Top Quizzes Today


Score Distribution

Your Account Isn't Verified!

In order to create a playlist on Sporcle, you need to verify the email address you used during registration. Go to your Sporcle Settings to finish the process.